Na regionálne trhy práce prišli prvé europeniaze

V niektorých slovenských krajoch sa rozbiehajú prvé projekty financované z programu Phare zamerané na regionálnu politiku zamestnanosti. Najviac podporených projektov (25) je z Prešovského kraja. Snaha samospráv o reguláciu regionálneho trhu práce. Prioritné regióny na realizáciu grantov sú na Výcho...

Descrizione completa

Salvato in:
Dettagli Bibliografici
Autore principale: Horníková, Zuzana
Natura: Capitolo di libro
Lingua:slovacco
Soggetti:
Tags: Aggiungi Tag
Nessun Tag, puoi essere il primo ad aggiungerne!!

MARC

LEADER 00000naa a2200000 4500
001 r048872
005 20230921115203.4
041 0 |a slo 
044 |a SK 
245 1 0 |a Na regionálne trhy práce prišli prvé europeniaze  |c Zuzana Horníková 
520 |a V niektorých slovenských krajoch sa rozbiehajú prvé projekty financované z programu Phare zamerané na regionálnu politiku zamestnanosti. Najviac podporených projektov (25) je z Prešovského kraja. Snaha samospráv o reguláciu regionálneho trhu práce. Prioritné regióny na realizáciu grantov sú na Východe Slovenska. 
610 2 0 |a pomoc finančná 
610 2 0 |a pomoc rozvojová 
610 2 0 |a Európska únia 
610 2 0 |a Slovensko 
610 2 0 |a politika regionálna 
610 2 0 |a samospráva 
610 2 0 |a granty 
610 2 0 |a trh regionálny 
610 2 0 |a trh práce 
610 2 0 |a PHARE 
100 1 |a Horníková, Zuzana